LEADER 01182nam a2200265 i 4500 001 991002738549707536 008 070801s2005 it 001 0 ita d 020 $a8838728275 035 $ab13572738-39ule_inst 040 $aDip.to Studi Giuridici$bita 082 0 $a344.450321 100 1 $aCilione, Giampiero$0563437 245 10$aDiritto sanitario :$bprofili costituzionali e amministrativi, ripartizione delle competenze, organizzazione, prestazioni, presidi sanitari privati, professioni : con riferimenti normativi bibliografici e giurisprudenziali /$cGiampiero Cilione ; prefazione di Fabio Roversi Monaco 250 $a2. ed 260 $aSantarcangelo di Romagna :$bMaggioli,$cc2005 300 $a476 p. ;$c21 cm 440 0$aStrumenti di diritto pubblico ;$v30 650 4$aServizi sanitari$xLegislazione$zItalia 700 1 $aRoversi Monaco, Fabio A. 907 $a.b13572738$b28-01-14$c01-08-07 912 $a991002738549707536 945 $aLE027 344.03 CIL01.01$g1$i2027000134663$lle027$o-$pE32.00$q-$rl$s- $t0$u15$v2$w15$x0$y.i14532694$z01-08-07 996 $aDiritto sanitario$9952476 997 $aUNISALENTO 998 $ale027$b01-08-07$cm$da $e-$fita$git $h0$i0 LEADER 01530oam 2200397M 450 001 9910716222703321 005 20200213070527.1 035 $a(CKB)5470000002519901 035 $a(OCoLC)1065825824 035 $a(OCoLC)995470000002519901 035 $a(EXLCZ)995470000002519901 100 $a20071213d1926 ua 0 101 0 $aeng 135 $aurcn||||||||| 181 $ctxt$2rdacontent 182 $cc$2rdamedia 183 $acr$2rdacarrier 200 10$aRetirement of captains, commanders, and lieutenant commanders of the line of the Navy. June 15, 1926. -- Ordered to be printed 210 1$a[Washington, D.C.] :$c[U.S. Government Printing Office],$d1926. 215 $a1 online resource (1 page) 225 1 $aHouse report / 69th Congress, 1st session. House ;$vno. 1463 225 1 $a[United States congressional serial set ] ;$v[serial no. 8534] 300 $aBatch processed record: Metadata reviewed, not verified. Some fields updated by batch processes. 300 $aFDLP item number not assigned. 606 $aNavies$xOfficers 608 $aLegislative materials.$2lcgft 615 0$aNavies$xOfficers. 701 $aButler$b Thomas S$g(Thomas Stalker),$f1855-1928$pRepublican (PA)$01386842 801 0$bWYU 801 1$bWYU 801 2$bOCLCO 801 2$bOCLCQ 906 $aBOOK 912 $a9910716222703321 996 $aRetirement of captains, commanders, and lieutenant commanders of the line of the Navy. June 15, 1926. -- Ordered to be printed$93444551 997 $aUNINA